Loading...
| Science - Biology | 0 | 7 | 1 | 1 | 65 | 55 | 77.29 | 0 | 6 | 0.00 | 0.00 |
| Religion | 0 | 3 | 0 | 0 | 30 | 48 | 56.67 | 2 | 3 | 0.00 | 0.00 |
| Literature - British | 0 | 3 | 0 | 0 | 30 | 23 | 58.33 | 2 | 3 | 0.00 | 0.00 |
| Science - Chemistry | 0 | 3 | 2 | 1 | 20 | 65 | 79.67 | 0 | 0 | 0.00 | 0.00 |
| Fine Arts - Classical Music | 0 | 3 | 2 | 0 | 20 | 36 | 43.33 | 3 | 3 | 0.00 | 0.00 |
| Literature - World | 0 | 2 | 1 | 0 | 15 | 40 | 49.50 | 1 | 2 | 0.00 | 0.00 |
| Social Science | 0 | 1 | 0 | 1 | 10 | 78 | 78.00 | 0 | 1 | 0.00 | 0.00 |
| Literature - European | 0 | 1 | 0 | 0 | 10 | 82 | 82.00 | 1 | 1 | 0.00 | 0.00 |
| Science - Physics | 0 | 2 | 2 | 1 | 10 | 20 | 66.50 | 1 | 2 | 0.00 | 0.00 |
| Mythology | 0 | 1 | 1 | 0 | 5 | 55 | 55.00 | 1 | 1 | 0.00 | 0.00 |
| Fine Arts - Painting and Sculpture | 0 | 1 | 1 | 0 | 5 | 99 | 99.00 | 0 | 1 | 0.00 | 0.00 |
| Fine Arts - Other | 0 | 1 | 1 | 0 | 5 | 119 | 119.00 | 0 | 1 | 0.00 | 0.00 |
| History - Other | 0 | 0 | 1 | 0 | -5 | 0.00 | 0 | 0 | 0.00 | 0.00 | |
| Philosophy | 0 | 0 | 1 | 0 | -5 | 0.00 | 0 | 0 | 0.00 | 0.00 | |
| Science - Other | 0 | 0 | 2 | 0 | -10 | 0.00 | 0 | 0 | 0.00 | 0.00 |